Tính ổn định và mặt phẳng pha của hệ otonom

Tính ổn định và mặt phẳng pha của hệ otonom. Ứng dụng phần mềm Matlab vào giải một số bài tập

Sparad:
Bibliografiska uppgifter
Huvudupphovsman: Nguyễn Đăng Phương Niệm
Övriga upphovsmän: Lê Hải Trung T.S (Hướng dẫn)
Materialtyp: Bok
Publicerad: Đà Nẵng Đại học Sư phạm, Đại học Đà Nẵng 2012
Ämnen:
Taggar: Lägg till en tagg
Inga taggar, Lägg till första taggen!
Thư viện lưu trữ: Mạng thư viện Đại học Đà Nẵng
LEADER 01598nam a2200337 4500
001 000017450
003 13868
005 20130417110446.0
008 130417s2012 sd
082 |a 005.3  |b NG-N 
100 1 |a Nguyễn Đăng Phương Niệm 
245 |a Tính ổn định và mặt phẳng pha của hệ otonom  |c Nguyễn Đăng Phương Niệm ; Lê Hải Trung hướng dẫn  |k Khóa luận tốt nghiệp 
260 |a Đà Nẵng  |b Đại học Sư phạm, Đại học Đà Nẵng  |c 2012 
300 |a 48 tr.  |c 29 cm.  |e Đĩa CD, bản tóm tắt 
500 |a Khóa luận tốt nghiệp đại học. Chuyên ngành: Sư phạm Toán 
504 |a Mục lục đầu trang, tài liệu tham khảo tr. 73 - 74, phụ lục [13 tr.] 
520 |a Tính ổn định và mặt phẳng pha của hệ otonom. Ứng dụng phần mềm Matlab vào giải một số bài tập 
600 1 4 |b Vua  |c Đinh Tiên Hoàng 
650 0 4 |a Hệ otonom  |v Khóa luận tốt nghiệp  |x Ứng dụng 
653 |a Khoa Toán  |a Phần mềm Mathematica  |a Hệ otonom 
700 |a Lê Hải Trung  |c T.S  |e Hướng dẫn 
OWN |a LSP 
AVA |a UDN50  |b LSP  |d 005.3 NG-N  |e available  |t Error 5001 Not defined in file expand_doc_bib_avail.  |f 1  |g 0  |h N  |i 0  |k 1 
999 |a From the UDN01 
AVA |a UDN50  |b LSP  |d 005.3 NG-N  |e available  |t Error 5001 Not defined in file expand_doc_bib_avail.  |f 1  |g 0  |h N  |i 0  |k 1 
TYP |a Monograph 
TYP |a Printed language 
980 |a Mạng thư viện Đại học Đà Nẵng